Doing business in Asia : Myanmar.
| Format: | Book |
|---|---|
| Published: |
Singapore:
CCH Asia,
2004.
|
| Subjects: |
| LEADER | 00415cam a2200145 7i4500 | ||
|---|---|---|---|
| 001 | 0000014954 | ||
| 005 | 20050114090000.0 | ||
| 090 | 0 | 0 | |a MYAN 338.7 |b DOI |
| 245 | 0 | 0 | |a Doing business in Asia : |b Myanmar. |
| 260 | 0 | 0 | |a Singapore: |b CCH Asia, |c 2004. |
| 300 | # | # | |a [v.p]. |
| 650 | 0 | 0 | |a Business -- |z Myanmar |
| 650 | 0 | 0 | |a Doing business -- |z Myanmar |
| 651 | 0 | 0 | |a Myanmar |
| 999 | |a PNG000159B |b Book |c Countries |e Business Information Centre | ||